000 00553nam a2200217Ia 4500
003 OSt
005 20220928140732.0
006 a|||||r|||| 00| 0
007 ta
008 220927b |||||||| |||| 00| 0 eng d
024 _a11450
037 _cAnnuals, Advances
040 _aSDCL
_cSDCL
_beng
041 _2eng
_aeng
082 _aO-,3M821x:g, L3
100 _aNewton Deborah
_9497345
245 0 _aVirginia Woolf.
260 _c1973
942 _hO-,3M821x:g, L3
_cREF
_2CC
999 _c813880
_d813880